| 000 | 00680cab a2200277 4500 | ||
|---|---|---|---|
| 001 | ABS68810 | ||
| 008 | 050308n2005 000 0 eng u | ||
| 035 | _a(Sirsi) u128987 | ||
| 245 | _aFocus 2: West Midlands | ||
| 260 | _c2005 | ||
| 490 |
_aEstates Gazette _v(0509) 5 March 2005, 119-167(17) |
||
| 590 | _aABS | ||
| 650 | _aSOLIHULL | ||
| 650 | _aM42 | ||
| 650 | _aCOVENTRY | ||
| 650 | _aBLACK COUNTRY | ||
| 650 | _aBIRMINGHAM | ||
| 650 | _aRESIDENTIAL | ||
| 650 | _aINDUSTRIAL | ||
| 650 | _aOFFICES | ||
| 650 | _aKENILWORTH | ||
| 650 | _aMERRY HILL | ||
| 650 | _aDUDLEY | ||
| 690 | _aPROPERTY-COMMERCIAL PROPERTY-COMMERCIAL PROPERTY MARKET | ||
| 942 | _n0 | ||
| 999 |
_c74890 _d74890 |
||